Biological science: An ecological approach (Record no. 23613)

MARC details
000 -LEADER
fixed length control field 00396nam a2200157Ia 4500
082 ## - DEWEY DECIMAL CLASSIFICATION NUMBER
Classification number 581.5
Item number HAY
245 #0 - TITLE STATEMENT
Title Biological science: An ecological approach
250 ## - EDITION STATEMENT
Edition statement Ed.3
260 ## - PUBLICATION, DISTRIBUTION, ETC. (IMPRINT)
Place of publication Chicago
Name of publisher Rand Mcnally
Year of publication 1973
650 ## - SUBJECT ADDED ENTRY--TOPICAL TERM
Topical Term Bioenergetics
650 ## - SUBJECT ADDED ENTRY--TOPICAL TERM
Topical Term Biosphere
650 ## - SUBJECT ADDED ENTRY--TOPICAL TERM
Topical Term Ecology
700 ## - ADDED ENTRY--PERSONAL NAME
Personal name HAYNES, Nancy Lehmann
942 ## - ADDED ENTRY ELEMENTS (KOHA)
Koha item type Books
Holdings
Withdrawn status Lost status Damaged status Not for loan Home library Current library Date acquired Full call number Accession Number Koha item type
        RRII Library RRII Library 16/12/2021 581.5 HAY 04311 Books